|
|
|
|
| LEADER |
00643cam a2200193 7i4500 |
| 001 |
0000036151 |
| 005 |
20230125090000.0 |
| 020 |
# |
# |
|a 9789834902513
|
| 040 |
# |
# |
|a MATR
|
| 100 |
0 |
# |
|a Shamsul Anuar Nasarah
|e author
|
| 245 |
0 |
0 |
|a TINGTING GULA BATU (HOPSCOTCH)
|c Shamsul Anuar Nasarah and Ahmad Shahar Nasarah.
|
| 264 |
# |
0 |
|a Kuala Lumpur:
|b Dewan Bahasa dan Pustaka,
|c 2016.
|
| 300 |
# |
# |
|a ix, 78 pages:
|b illustrations;
|c 25 cm.
|
| 650 |
1 |
0 |
|a Games --
|z Malaysia
|
| 650 |
2 |
0 |
|a Hopscotch
|
| 650 |
2 |
0 |
|a Outdoor games
|
| 700 |
0 |
# |
|a Ahmad Shahar Nasarah
|
| 700 |
0 |
# |
|a Shuhaima Abdul Talib
|
| 999 |
|
|
|a B000040811
|b Book
|c Open shelf
|e Business Information Centre
|